[Event "27th ECC Women 2023"]
[Site "Durres ALB"]
[Date "2023.10.02"]
[Round "2.7"]
[White "Rapport, Jovana"]
[Black "Muetsch, Annmarie"]
[Result "0-1"]
[WhiteElo "2324"]
[BlackElo "2262"]
[PlyCount "70"]
[EventDate "2023.10.01"]
[EventType "team-tourn"]
[EventRounds "7"]
[EventCountry "ALB"]
[SourceTitle "The Week in Chess 1508"]
[Source "Mark Crowther"]
[SourceDate "2023.10.02"]
[SourceVersion "1"]
[SourceVersionDate "2023.10.02"]
[SourceQuality "2"]
[WhiteTeam "SK Crvena zvezda Data Driven Lab"]
[BlackTeam "Schachgesellschaft Solingen"]

1. g3 e5 2. c4 d6 3. Nc3 Nd7 4. Bg2 g6 5. e3 Bg7 6. Nge2 Ne7 7. d4 O-O 8. b3 Nf5 9. dxe5 Nxe5 10. Bb2 h5 11. h3 Re8 12. Qd2 Rb8 13. e4 Ne7 14. f4 Nd7 15. O-O Nc5 16. b4 Na6 17. a3 c6 18. Nd1 Bxb2 19. Nxb2 d5 20. cxd5 cxd5 21. exd5 Nf5 22. Rf3 Bd7 23. Kh2 Nc7 24. Nc3 Qf6 25. Rd3 h4 26. g4 Ne3 27. Rd4 Nc2 28. Qxc2 Qxd4 29. Ne4 Rxe4 30. Bxe4 Re8 31. Bg2 Nxd5 32. Kh1 Nxf4 33. Rd1 Qe3 34. Nc4 Qg3 35. Bxb7 Re2 0-1

[Event "27th ECC Women 2023"]
[Site "Durres ALB"]
[Date "2023.10.02"]
[Round "2.4"]
[White "Khotenashvili, B.."]
[Black "Guichard, P.."]
[Result "1-0"]
[WhiteElo "2483"]
[BlackElo "2358"]
[PlyCount "81"]
[EventDate "2023.10.01"]
[EventType "team-tourn"]
[EventRounds "7"]
[EventCountry "ALB"]
[SourceTitle "The Week in Chess 1508"]
[Source "Mark Crowther"]
[SourceDate "2023.10.02"]
[SourceVersion "1"]
[SourceVersionDate "2023.10.02"]
[SourceQuality "2"]
[WhiteTeam "Garuda Ajka BSK"]
[BlackTeam "Asnieres - Le Grand Echiquier"]

1. Nf3 Nf6 2. g3 d5 3. Bg2 e6 4. d3 c5 5. Nbd2 Nc6 6. O-O Be7 7. e4 O-O 8. Re1 Qc7 9. e5 Nd7 10. Qe2 b5 11. c3 Bb7 12. Nf1 Rfc8 13. Bf4 a5 14. Ne3 Qd8 15. h4 a4 16. h5 h6 17. Ng4 Bf8 18. Rad1 c4 19. a3 Ne7 20. d4 b4 21. axb4 a3 22. bxa3 Rxa3 23. Qb2 Rca8 24. Ra1 R3a4 25. Nd2 Bc6 26. Bf3 R8a7 27. Rxa4 Bxa4 28. Ra1 Nb6 29. Ra2 Nf5 30. Qa1 Ra8 31. Nf1 Be7 32. Nge3 Nxe3 33. Nxe3 Bg5 34. Bxg5 Qxg5 35. Bd1 Bc6 36. Rxa8+ Bxa8 37. Qa7 Qd8 38. b5 Kf8 39. Nc2 Ke8 40. Nb4 Nd7 41. Na6 1-0

[Event "27th ECC Women 2023"]
[Site "Durres ALB"]
[Date "2023.10.04"]
[Round "4.4"]
[White "Doluhanova, E.."]
[Black "Batsiashvili, N.."]
[Result "0-1"]
[WhiteElo "2230"]
[BlackElo "2475"]
[PlyCount "60"]
[EventDate "2023.10.01"]
[EventType "team-tourn"]
[EventRounds "7"]
[EventCountry "ALB"]
[SourceTitle "The Week in Chess 1509"]
[Source "Mark Crowrther"]
[SourceDate "2023.10.09"]
[SourceVersion "1"]
[SourceVersionDate "2023.10.09"]
[SourceQuality "2"]
[WhiteTeam "Panevezys"]
[BlackTeam "Superchess"]

1. c4 c5 2. Nf3 Nf6 3. g3 Nc6 4. Bg2 e5 5. O-O d5 6. cxd5 Nxd5 7. Nc3 Be6 8. d3 Be7 9. Bd2 O-O 10. Rc1 h6 11. a3 a5 12. Na4 b6 13. e3 Rb8 14. Nc3 Nf6 15. Ne1 Qd7 16. Ne2 a4 17. Bc3 Bb3 18. Qd2 Rbd8 19. f4 e4 20. Bxf6 Bxf6 21. Bxe4 Na5 22. Nc3 Nc4 23. Qe2 Nxe3 24. Rf3 Nf5 25. Rf1 Bd4+ 26. Kg2 Ne3+ 27. Kh1 Nxf1 28. Qxf1 Rfe8 29. f5 Bxc3 30. bxc3 Bd5 0-1

[Event "27th ECC Women 2023"]
[Site "Durres ALB"]
[Date "2023.10.06"]
[Round "6.2"]
[White "Wagner, Dinara"]
[Black "Javakhishvili, L.."]
[Result "1-0"]
[WhiteElo "2461"]
[BlackElo "2437"]
[PlyCount "83"]
[EventDate "2023.10.01"]
[EventType "team-tourn"]
[EventRounds "7"]
[EventCountry "ALB"]
[SourceTitle "The Week in Chess 1509"]
[Source "Mark Crowrther"]
[SourceDate "2023.10.09"]
[SourceVersion "1"]
[SourceVersionDate "2023.10.09"]
[SourceQuality "2"]
[WhiteTeam "Superchess"]
[BlackTeam "SP Gaz Ukraine"]

1. d4 Nf6 2. c4 e6 3. Nc3 Bb4 4. e3 O-O 5. Bd3 d5 6. a3 dxc4 7. Bxh7+ Nxh7 8. axb4 Nc6 9. b5 Nb4 10. Nf3 Nd3+ 11. Kf1 a6 12. b3 e5 13. bxc4 exd4 14. Qxd3 dxc3 15. Qxc3 Qd1+ 16. Ne1 Be6 17. f3 Qd7 18. Bb2 f6 19. bxa6 b5 20. Kf2 Rfd8 21. cxb5 Qd2+ 22. Kg3 Qd6+ 23. Kf2 Qd2+ 24. Kg3 Qd6+ 25. f4 Ng5 26. Qd4 Bd5 27. Ba3 c5 28. Bxc5 Qxc5 29. fxg5 Qxb5 30. gxf6 Bf7 31. Qf4 g5 32. Qc7 Re8 33. Nf3 Rxa6 34. Rhb1 Qd3 35. Rxa6 Qxa6 36. Rb6 Qd3 37. Qc5 Qxe3 38. Qxg5+ Qxg5+ 39. Nxg5 Bd5 40. Rd6 Bb3 41. Rd7 Rc8 42. Rg7+ 1-0

[Event "45th Arco Open 2023"]
[Site "Arco ITA"]
[Date "2023.10.09"]
[Round "3.1"]
[White "Makropoulou, M.."]
[Black "Pap, G.."]
[Result "0-1"]
[WhiteElo "2081"]
[BlackElo "2444"]
[PlyCount "114"]
[EventDate "2023.10.07"]
[EventType "swiss"]
[EventRounds "9"]
[EventCountry "ITA"]
[SourceTitle "The Week in Chess 1510"]
[Source "Mark Crowther"]
[SourceDate "2023.10.16"]
[SourceVersion "1"]
[SourceVersionDate "2023.10.16"]
[SourceQuality "2"]

1. e4 e5 2. Nf3 Nc6 3. Nc3 Nf6 4. d4 exd4 5. Nxd4 Bc5 6. Be3 Bb4 7. Bd3 d6 8. O-O Ng4 9. Nd5 Nxe3 10. fxe3 Bc5 11. Nf5 Bxf5 12. exf5 Ne5 13. f6 g6 14. b4 Bb6 15. Qe1 c6 16. Ne7 Qd7 17. h3 Bd8 18. Qh4 Bxe7 19. fxe7 Qxe7 20. Qh6 d5 21. e4 d4 22. a4 O-O-O 23. Rab1 f6 24. Qf4 Rd6 25. Rfe1 h5 26. Qf1 Qe6 27. a5 Kd7 28. Qe2 Ke7 29. Rf1 Kf7 30. Rf2 Kg7 31. Qd2 Rc8 32. Rff1 Rc7 33. Rb2 Re7 34. Qe2 b6 35. axb6 axb6 36. Ra1 c5 37. bxc5 bxc5 38. Ra4 Rc6 39. Bc4 Nxc4 40. Rxc4 f5 41. e5 Qxe5 42. Qxe5+ Rxe5 43. Rb7+ Kf6 44. Rd7 Rb6 45. Rc7 Rb5 46. h4 f4 47. Rc6+ Kf5 48. Kf2 Ke4 49. Rxg6 Kd5 50. Ra4 Rb2 51. Kf3 Rxc2 52. Rg5 Rc1 53. Kxf4 Rf1+ 54. Kg3 d3 55. Ra8 Rf6 56. Re8 Rfe6 57. Rd8+ Rd6 0-1

[Event "45th Arco Open 2023"]
[Site "Arco ITA"]
[Date "2023.10.10"]
[Round "4.1"]
[White "Pap, G.."]
[Black "Molnar, Be"]
[Result "1-0"]
[WhiteElo "2444"]
[BlackElo "2298"]
[PlyCount "53"]
[EventDate "2023.10.07"]
[EventType "swiss"]
[EventRounds "9"]
[EventCountry "ITA"]
[SourceTitle "The Week in Chess 1510"]
[Source "Mark Crowther"]
[SourceDate "2023.10.16"]
[SourceVersion "1"]
[SourceVersionDate "2023.10.16"]
[SourceQuality "2"]

1. e4 c5 2. Nf3 d6 3. c3 Nf6 4. h3 g6 5. Bd3 Bg7 6. Bc2 O-O 7. d4 cxd4 8. cxd4 d5 9. e5 Ne4 10. O-O Nc6 11. Nbd2 Bf5 12. Re1 Nxd2 13. Bxd2 Bxc2 14. Qxc2 Qb6 15. Bc3 f6 16. exf6 Bxf6 17. Re6 Rac8 18. Rae1 Rf7 19. h4 Rcf8 20. Qd3 Qc7 21. Bd2 Bg7 22. Bg5 Rxf3 23. gxf3 Nxd4 24. Rxe7 Nxf3+ 25. Kf1 Qh2 26. Rxg7+ Kxg7 27. Re7+ 1-0

[Event "45th Arco Open 2023"]
[Site "Arco ITA"]
[Date "2023.10.11"]
[Round "5.1"]
[White "Lortkipanidze, N.."]
[Black "Pap, G.."]
[Result "0-1"]
[WhiteElo "2392"]
[BlackElo "2444"]
[PlyCount "66"]
[EventDate "2023.10.07"]
[EventType "swiss"]
[EventRounds "9"]
[EventCountry "ITA"]
[SourceTitle "The Week in Chess 1510"]
[Source "Mark Crowther"]
[SourceDate "2023.10.16"]
[SourceVersion "1"]
[SourceVersionDate "2023.10.16"]
[SourceQuality "2"]

1. e4 e5 2. Nf3 Nc6 3. d4 exd4 4. Nxd4 Bc5 5. Nb3 Be7 6. Nc3 Nf6 7. Be2 Bb4 8. O-O Bxc3 9. bxc3 O-O 10. Bd3 d5 11. exd5 Qxd5 12. c4 Qd6 13. c5 Qd8 14. Bb2 Nb4 15. Qf3 Nxd3 16. cxd3 a5 17. Rfe1 a4 18. Nd2 Ra6 19. Qg3 Nh5 20. Qe5 Qxd3 21. Nf3 Qf5 22. Qxc7 Nf4 23. Be5 Rc6 24. Qb8 Nxg2 25. Kxg2 Qh5 26. Kg1 Bh3 27. Qxf8+ Kxf8 28. Re3 Re6 29. Rae1 Kg8 30. Kh1 f6 31. Ng1 Rxe5 32. Rxh3 Qxh3 33. Rxe5 Qd7 0-1

[Event "45th Arco Open 2023"]
[Site "Arco ITA"]
[Date "2023.10.11"]
[Round "5.5"]
[White "Schneider, Heiko"]
[Black "Zeller, F.."]
[Result "0-1"]
[WhiteElo "2158"]
[BlackElo "2343"]
[PlyCount "74"]
[EventDate "2023.10.07"]
[EventType "swiss"]
[EventRounds "9"]
[EventCountry "ITA"]
[SourceTitle "The Week in Chess 1510"]
[Source "Mark Crowther"]
[SourceDate "2023.10.16"]
[SourceVersion "1"]
[SourceVersionDate "2023.10.16"]
[SourceQuality "2"]

1. e4 c5 2. Nf3 Nc6 3. d4 cxd4 4. Nxd4 Qb6 5. Nb3 Nf6 6. Nc3 e6 7. Be3 Qc7 8. a3 a6 9. f4 d6 10. Bd3 b5 11. O-O Be7 12. Qf3 Bb7 13. Qh3 h5 14. Kh1 Ng4 15. Bg1 Bf6 16. Nd1 g5 17. c4 bxc4 18. Bxc4 gxf4 19. Rc1 Be5 20. Nc3 Qe7 21. Na4 Qg5 22. Nb6 Rb8 23. Qd3 Ne3 24. Bxe3 fxe3 25. Nd7 Kxd7 26. Rxf7+ Ke8 27. Rcf1 Qh4 28. g3 Bxg3 29. Qc2 Nd4 30. Rxb7 Nxc2 31. Rxb8+ Ke7 32. Rb7+ Kd8 33. Rd7+ Kxd7 34. Nc5+ dxc5 35. Bxe6+ Kxe6 36. Rf6+ Kxf6 37. e5+ Ke6 0-1

[Event "45th Arco Open 2023"]
[Site "Arco ITA"]
[Date "2023.10.13"]
[Round "7.1"]
[White "Smith, Bry"]
[Black "Pap, G.."]
[Result "0-1"]
[WhiteElo "2386"]
[BlackElo "2444"]
[PlyCount "53"]
[EventDate "2023.10.07"]
[EventType "swiss"]
[EventRounds "9"]
[EventCountry "ITA"]
[SourceTitle "The Week in Chess 1510"]
[Source "Mark Crowther"]
[SourceDate "2023.10.16"]
[SourceVersion "1"]
[SourceVersionDate "2023.10.16"]
[SourceQuality "2"]

1. e4 e5 2. Nf3 Nc6 3. Bb5 a6 4. Ba4 Nge7 5. c3 Ng6 6. d4 exd4 7. h4 d3 8. h5 Nge5 9. Nxe5 Nxe5 10. f4 b5 11. Bb3 Nc4 12. Qxd3 Bb7 13. Bc2 f5 14. exf5 Qe7+ 15. Kf2 O-O-O 16. b3 Qc5+ 17. Kg3 Qc6 18. Rh2 Nd6 19. Nd2 Re8 20. Kh3 g6 21. Nf3 Bg7 22. Nd4 Qd5 23. Bd2 Ne4 24. Be3 gxh5 25. Bd1 c5 26. Bxh5 cxd4 27. Bxe8 0-1

[Event "45th Arco Open 2023"]
[Site "Arco ITA"]
[Date "2023.10.13"]
[Round "7.9"]
[White "Schneider, Heiko"]
[Black "Ochedzan, Tymon"]
[Result "0-1"]
[WhiteElo "2158"]
[BlackElo "2184"]
[PlyCount "88"]
[EventDate "2023.10.07"]
[EventType "swiss"]
[EventRounds "9"]
[EventCountry "ITA"]
[SourceTitle "The Week in Chess 1510"]
[Source "Mark Crowther"]
[SourceDate "2023.10.16"]
[SourceVersion "1"]
[SourceVersionDate "2023.10.16"]
[SourceQuality "2"]

1. e4 e6 2. d4 d5 3. Nc3 Nf6 4. Bg5 Bb4 5. e5 h6 6. Be3 Ne4 7. Qg4 g6 8. a3 Bxc3+ 9. bxc3 Nxc3 10. Bd3 c5 11. dxc5 Nc6 12. Nf3 Qa5 13. O-O Bd7 14. Qh4 Qa4 15. Qf6 Rh7 16. Bxg6 fxg6 17. Qxg6+ Rf7 18. Bxh6 Ne7 19. Qh5 Ne4 20. Rab1 Rb8 21. Rb4 Qxc2 22. Bg7 Bc8 23. Bf6 a5 24. Rd4 b6 25. c6 Ba6 26. Qh8+ Rf8 27. Qg7 Rf7 28. Qh8+ Rf8 29. Qg7 Qc5 30. Rxe4 dxe4 31. Nd4 Rg8 32. Qh7 Bxf1 33. Nxe6 Rxg2+ 34. Kh1 Qxa3 35. Nc7+ Kd8 36. Nd5 Kc8 37. Nxe7+ Kc7 38. Nc8+ Kxc6 39. Na7+ Kd5 40. Qf7+ Kd4 41. Nc6+ Kc3 42. e6+ Kd2 43. Qd7+ Ke1 44. Qh7 Rg4 0-1

[Event "45th Arco Open 2023"]
[Site "Arco ITA"]
[Date "2023.10.11"]
[Round "5.33"]
[White "Voelker, S.."]
[Black "Trevisan, Stefano"]
[Result "1-0"]
[WhiteElo "1974"]
[BlackElo "1778"]
[PlyCount "47"]
[EventDate "2023.10.07"]
[EventType "swiss"]
[EventRounds "9"]
[EventCountry "ITA"]
[SourceTitle "The Week in Chess 1510"]
[Source "Mark Crowther"]
[SourceDate "2023.10.16"]
[SourceVersion "1"]
[SourceVersionDate "2023.10.16"]
[SourceQuality "2"]

1. e4 e6 2. d4 d5 3. e5 c5 4. c3 Qb6 5. Nf3 Nc6 6. a3 Nh6 7. b4 cxd4 8. cxd4 Nf5 9. Be3 Bd7 10. Nc3 Rc8 11. Na4 Qd8 12. Nc5 Nxe3 13. fxe3 Rc7 14. Bd3 Be7 15. O-O f5 16. exf6 Bxf6 17. Ng5 Bxg5 18. Qh5+ g6 19. Bxg6+ hxg6 20. Qxg6+ Ke7 21. Qxg5+ Kd6 22. Qg3+ Ke7 23. Qg5+ Kd6 24. Ne4+ 1-0

[Event "45th Arco Open 2023"]
[Site "Arco ITA"]
[Date "2023.10.09"]
[Round "3.5"]
[White "Fauth, D.."]
[Black "Akhvlediani, Irakli"]
[Result "0-1"]
[WhiteElo "2048"]
[BlackElo "2358"]
[PlyCount "116"]
[EventDate "2023.10.07"]
[EventType "swiss"]
[EventRounds "9"]
[EventCountry "ITA"]
[SourceTitle "The Week in Chess 1510"]
[Source "Mark Crowther"]
[SourceDate "2023.10.16"]
[SourceVersion "1"]
[SourceVersionDate "2023.10.16"]
[SourceQuality "2"]

1. e4 c5 2. d4 cxd4 3. c3 dxc3 4. Nxc3 Nc6 5. Nf3 e6 6. Bb5 Nge7 7. Bg5 h6 8. Be3 a6 9. Bd3 d5 10. Na4 d4 11. Nxd4 Nxd4 12. Bxd4 Qxd4 13. Bb5+ axb5 14. Qxd4 Nc6 15. Qb6 bxa4 16. O-O Be7 17. Rac1 O-O 18. f4 Ra6 19. Qe3 e5 20. g3 exf4 21. gxf4 f5 22. e5 a3 23. bxa3 Rxa3 24. Rc3 Rxc3 25. Qxc3 Rd8 26. Qb3+ Kf8 27. Kg2 Nd4 28. Qb6 Bd7 29. Rd1 Bc6+ 30. Kh3 Ne6 31. Rxd8+ Bxd8 32. Qe3 Be7 33. Qc1 Bc5 34. Kg3 g5 35. fxg5 hxg5 36. h4 Kf7 37. hxg5 Be7 38. Qc2 Be4 39. Qh2 Nxg5 40. Qh6 Ke8 41. Qb6 Kd7 42. Qb3 Nf3 43. Qc3 Ke6 44. Kf4 Bg5+ 45. Kg3 Bc6 46. a4 Nxe5 47. Qb3+ Kf6 48. Qg8 f4+ 49. Kf2 Kf5 50. Qh7+ Kg4 51. Qg7 Nd3+ 52. Ke2 Nc5 53. Qe5 f3+ 54. Kf1 Ne4 55. Qd4 Kh3 56. Qh8+ Bh4 57. Qb2 Bd5 58. Qc2 Bc4+ 0-1

[Event "45 Festival Intl. Open Citta di Arco - "]
[Site "Arco- Trentino (ITA)"]
[Date "2023.10.14"]
[Round "8.12"]
[White "De Santis, A.."]
[Black "Magadgua, E.."]
[Result "1-0"]
[WhiteElo "2181"]
[BlackElo "1848"]
[PlyCount "71"]
[EventDate "2023.10.07"]
[EventRounds "9"]
[EventCountry "ITA"]

1. d4 Nf6 2. c4 c5 3. d5 b5 4. cxb5 e6 5. Nc3 exd5 6. Nxd5 Bb7 7. Nxf6+ Qxf6 8. Nf3 d5 9. e3 Bd6 10. Be2 O-O 11. a4 Nd7 12. a5 Rab8 13. Ra4 Rfe8 14. O-O Re6 15. b3 Rbe8 16. Rh4 Nf8 17. Bd3 Ng6 18. Rh5 h6 19. Rf5 Qe7 20. a6 Ba8 21. Bb2 Qc7 22. Rh5 d4 23. exd4 Nf4 24. Rh4 Qe7 25. Rg4 h5 26. Rxf4 Bxf4 27. g3 Bc7 28. h4 cxd4 29. Ng5 Re1 30. Qxh5 Rxf1+ 31. Bxf1 Qf6 32. Bxd4 Be5 33. Bxe5 Qxe5 34. Qxf7+ Kh8 35. Qh5+ Kg8 36. Bc4+ 1-0

[Event "45th Arco Open 2023"]
[Site "Arco ITA"]
[Date "2023.10.14"]
[Round "8.5"]
[White "Zeller, F.."]
[Black "Boder, Jan"]
[Result "1/2-1/2"]
[WhiteElo "2343"]
[BlackElo "2286"]
[PlyCount "60"]
[EventDate "2023.10.07"]
[EventType "swiss"]
[EventRounds "9"]
[EventCountry "ITA"]
[SourceTitle "The Week in Chess 1510"]
[Source "Mark Crowther"]
[SourceDate "2023.10.16"]
[SourceVersion "1"]
[SourceVersionDate "2023.10.16"]
[SourceQuality "2"]

1. e4 e5 2. Nf3 Nc6 3. Bb5 a6 4. Ba4 Nf6 5. O-O Be7 6. d3 b5 7. Bb3 O-O 8. a4 Bb7 9. Nc3 b4 10. Nd5 Na5 11. Ba2 Nxd5 12. Bxd5 Bxd5 13. exd5 f6 14. Re1 c5 15. Bd2 Rc8 16. c3 bxc3 17. Bxc3 Rb8 18. Nd2 d6 19. Rb1 Qc7 20. f4 Rb7 21. Qg4 Nb3 22. Qe6+ Kh8 23. Nxb3 Rxb3 24. fxe5 fxe5 25. Bxe5 dxe5 26. d6 Rb6 27. Qxe7 Qxd6 28. Qxe5 Qxd3 29. Qxc5 Rbf6 30. b4 h6 1/2-1/2

[Event "UKA Invitational Uhlmann 2023"]
[Site "Dresden"]
[Date "2023.10.09"]
[Round "2.2"]
[White "Boensch, Uwe"]
[Black "Neef, Maximilian"]
[Result "1-0"]
[WhiteElo "2457"]
[BlackElo "2480"]
[PlyCount "89"]
[EventDate "2023.??.??"]
[EventType "team-tourn"]
[EventCountry "GER"]
[SourceTitle "playchess.com"]

1. d4 Nf6 2. c4 g6 3. Nf3 Bg7 4. g3 O-O 5. Bg2 d6 6. O-O Nc6 7. Nc3 a6 8. b3 Rb8 9. d5 Na5 10. Bg5 h6 11. Bd2 c5 12. dxc6 Nxc6 13. Rc1 Be6 14. Ne1 Bf5 15. Nd5 Ne4 16. Be3 g5 17. Bb6 Qd7 18. g4 Bh7 19. f3 Nf6 20. e4 Ne5 21. Rf2 Rbc8 22. Rfc2 Rc6 23. Bf2 Qd8 24. Rd2 Nfd7 25. Nc2 Rc8 26. Nce3 e6 27. Nc3 Qc7 28. Rcc2 Rfd8 29. Ncd5 exd5 30. Nxd5 Qb8 31. Ne7+ Kh8 32. Nxc8 Rxc8 33. Rxd6 Nf8 34. c5 Ne6 35. b4 Bg6 36. Bg3 h5 37. gxh5 Bxh5 38. Rcd2 Kh7 39. R2d5 Nf4 40. Bxf4 gxf4 41. Qe1 Bg6 42. Qh4+ Kg8 43. Rd8+ Bf8 44. Qe7 Kh7 45. Qxf8 1-0

[Event "UKA Invitational Uhlmann 2023"]
[Site "Dresden"]
[Date "2023.10.15"]
[Round "9.1"]
[White "Neef, Maximilian"]
[Black "Knaak, Rainer"]
[Result "1-0"]
[WhiteElo "2480"]
[BlackElo "2451"]
[PlyCount "109"]
[EventDate "2023.??.??"]
[EventType "team-tourn"]
[EventCountry "GER"]
[SourceTitle "playchess.com"]

1. d4 d5 2. Nc3 Nf6 3. Bf4 Bf5 4. e3 e6 5. Nf3 Be7 6. Ne5 Nfd7 7. h4 f6 8. Nxd7 Nxd7 9. h5 e5 10. dxe5 fxe5 11. Bg3 c6 12. e4 dxe4 13. Bc4 Qb6 14. Qd2 O-O-O 15. O-O-O Nc5 16. Qe2 Bf6 17. h6 gxh6 18. Kb1 Bg7 19. Rh5 Rxd1+ 20. Nxd1 Bg6 21. Qg4+ Nd7 22. Be6 Qd4 23. Rh1 h5 24. Qh3 Re8 25. Ne3 Qd6 26. Bf5 Rf8 27. Be6 Re8 28. Bb3 Kc7 29. Rd1 Qe7 30. Nf5 Bxf5 31. Qxf5 Nc5 32. Qxh5 Bf6 33. Rh1 Rd8 34. Qf5 Rd7 35. a3 Kb6 36. Bg8 Qd6 37. Bxh7 Bg7 38. Qg4 Qd4 39. Qg5 Na4 40. Qe3 Rd5 41. Rh5 Ka5 42. Qxd4 exd4 43. Bc7+ b6 44. g4 d3 45. cxd3 Bxb2 46. dxe4 Rxh5 47. gxh5 Bg7 48. Kc2 Nc5 49. Bf5 Ka4 50. e5 Nb3 51. Kd3 Nc5+ 52. Kc4 Nb7 53. e6 b5+ 54. Kd3 Bf8 55. Ke2 1-0

[Event "UKA Invitational Uhlmann 2023"]
[Site "Dresden"]
[Date "2023.10.07"]
[Round "1.4"]
[White "Neef, Maximilian"]
[Black "Marin, Mihail"]
[Result "0-1"]
[WhiteElo "2480"]
[BlackElo "2437"]
[PlyCount "60"]
[EventDate "2023.??.??"]
[EventType "team-tourn"]
[EventCountry "GER"]

1. d4 e6 2. Nf3 f5 3. Bg5 Be7 4. h4 Nf6 5. Nc3 d5 6. e3 c5 7. Bd3 O-O 8. dxc5 Nbd7 9. Na4 Qa5+ 10. c3 b5 11. cxb6 axb6 12. b3 b5 13. Nb2 Qxc3+ 14. Qd2 Bb4 15. Ke2 Qxd2+ 16. Nxd2 Bc3 17. Rhb1 b4 18. Nf3 Nc5 19. Bxf6 Rxf6 20. Ne1 e5 21. Kd1 e4 22. Bb5 Ba6 23. Ba4 f4 24. exf4 Rxf4 25. f3 Rxh4 26. Kc2 Rh2 27. Bc6 Rd8 28. Rd1 Nd3 29. Nbxd3 exd3+ 30. Kb1 d2 0-1

[Event "UKA Invitational Uhlmann 2023"]
[Site "Dresden"]
[Date "2023.10.14"]
[Round "8.2"]
[White "Maiwald, Jens-Uwe"]
[Black "Vogel, Roven"]
[Result "0-1"]
[WhiteElo "2438"]
[BlackElo "2471"]
[PlyCount "70"]
[EventDate "2023.??.??"]
[EventType "team-tourn"]
[EventCountry "GER"]

1. e4 e5 2. Nf3 Nc6 3. Bb5 a6 4. Ba4 Nf6 5. d3 b5 6. Bb3 Bc5 7. Bg5 h6 8. Bh4 g5 9. Bg3 d6 10. c3 Qe7 11. Nbd2 Bb6 12. O-O Na5 13. d4 Nxb3 14. Qxb3 Be6 15. Qc2 Nh5 16. dxe5 Nxg3 17. hxg3 dxe5 18. c4 Qc5 19. Rac1 g4 20. Nb3 Qxc4 21. Nxe5 Qxc2 22. Rxc2 h5 23. Nc5 Bxa2 24. Rd1 a5 25. Ned7 Rd8 26. Rcd2 a4 27. Nb7 Rxd7 28. Rxd7 O-O 29. Nd8 Re8 30. Nc6 Rxe4 31. Ne7+ Kg7 32. Nc8 Bb3 33. Rb1 Bd4 34. Rxc7 Re2 35. Rf1 Rxb2 0-1

[Event "UKA Wolfgang Uhlmann Memorial 2023"]
[Site "https://www.chess.com"]
[Date "2023.10.13"]
[Round "7"]
[White "Vogel, Roven"]
[Black "Mikhalchishin, Adrian"]
[Result "1-0"]
[WhiteElo "2471"]
[BlackElo "2455"]
[PlyCount "79"]
[EventDate "2023.??.??"]
[EventType "game"]

1. Nf3 Nf6 2. d4 e6 3. c4 b6 4. g3 Ba6 5. b3 b5 6. cxb5 Bxb5 7. Bg2 c5 8. Ne5 Nc6 9. a4 cxd4 10. Nxd7 Nxd7 11. axb5 Nce5 12. O-O Bc5 13. Bb2 Rc8 14. Bxd4 Qb6 15. e3 Qxb5 16. Nc3 Qb8 17. f4 Nc6 18. Bxg7 Bxe3+ 19. Kh1 Rg8 20. Ne4 Rxg7 21. Nd6+ Ke7 22. Nxc8+ Qxc8 23. Qf3 Bd4 24. Rac1 Ndb8 25. Qd3 Rg8 26. Bxc6 Nxc6 27. Qe4 Qa8 28. Rxc6 Bb6 29. f5 Rc8 30. Rfc1 Rxc6 31. Rxc6 Qd8 32. fxe6 Qd1+ 33. Kg2 Qg1+ 34. Kh3 Qf1+ 35. Kg4 Qd1+ 36. Kh4 Bd8 37. g4 Qg1 38. Qe2 f5 39. gxf5 Kf8+ 40. Kh3 1-0